Normal view
MARC view
- O'Sullivan, Patrick Michael,
Entry Personal Name
001 - CONTROL NUMBER
- control field: 91290
003 - CONTROL NUMBER IDENTIFIER
- control field: NUST
005 - DATE AND TIME OF LATEST TRANSACTION
- control field: 20220509101241.0
008 - FIXED-LENGTH DATA ELEMENTS
- fixed length control field: 220509|| aca||aabn | a|a d
040 ## - CATALOGING SOURCE
- Original cataloging agency: NUST
- Transcribing agency: NUST
100 ## - HEADING--PERSONAL NAME
- Personal name: O'Sullivan, Patrick Michael,
- Dates associated with a name: 1941-
670 ## - SOURCE DATA FOUND
- Source citation: Work cat.: (NUST)0: O'Sullivan, Patrick Michael, 1941-, The geography of warfare /, c1983.
